Movies Quiz

Random Movies or Pixar Quiz

Pixar Movie Taglines Quiz Stats

 Plays Quiz Updated Jun 14, 2018

Challenge
Share
Tweet
Embed
Score 0/20 Timer 06:00
4 Plays Today
% Correct
Ratatouille
94.4%
Inside Out
92%
WALL-E
90.4%
Monsters University
90%
Monsters, Inc.
86.6%
Finding Dory
85.8%
Up
85.6%
Toy Story 2
83%
Finding Nemo
80.7%
A Bug's Life
79.1%
% Correct
The Incredibles
73.7%
Brave
72.3%
Cars
71%
Incredibles 2
64.7%
Toy Story
64.4%
Coco
63.7%
Cars 2
63.2%
Toy Story 3
59.1%
Cars 3
31.4%
The Good Dinosaur
30.6%

You're not logged in!

Compare scores with friends on all Sporcle quizzes.
Join for Free
OR
Log In

You Might Also Like...

Show Comments

Extras

Top Quizzes Today


Score Distribution

Your Account Isn't Verified!

In order to create a playlist on Sporcle, you need to verify the email address you used during registration. Go to your Sporcle Settings to finish the process.

Report this User

Report this user for behavior that violates our Community Guidelines.

Details: